000 00372 a2200169 4500
001 179350
020 _a
040 _cMagnum
100 _aAmado, Jorge
240 1 0 _aO gato malhado e a andorinha sinhá
_lpor
245 1 0 _aO gato malhado e a andorinha sinhá
300 _a50
362 0 _a1991
440 1 _aRecord
697 _aLITERATURA JUVENIL
942 _cBK
999 _c179350
_d179350